000 00353nam a22001217a 4500
999 _c810
_d810
005 20200818113407.0
008 200818b ||||| |||| 00| 0 eng d
020 _a0395250730
040 _cCML
245 _aAssessemnt In Special.
_cSalvia, J.
260 _aU.S.A
_bHoughton Miffin Company
_c1978
942 _2ddc
_cBK
_e11st Edition
_h371
_mSAL